01138cam a2200277 a 450000100090000000300060000900500170001500800410003201000160007302000270008902000290011602000320014502000150017702000180019203500200021004000630023005000240029308200170031724501450033426000600047930000270053950502000056665000200076665000470078670000270083342863162OCoLC20241126110732.0991109s2000 flu 000 0 eng  a 99057883 z155874714X (hardcover) a1558747141 (trade paper) a9781558747142 (trade paper) a155874715X a9781558747159 a(OCoLC)42863162 aDLCcDLCdIG#dPGCdBAKERdBTCTAdHNWdOCLCQdYDXCPdCIRBC00aBV4515.2bC445 200000a242221bCHI00aChicken soup for the Christian family soul :bstories to open the heart and rekindle the spirit /c[compiled by] Jack Canfield ... [et al.]. aDeerfield Beach, Fla. :bHealth Communications,cc2000. axvii, 406 p. ;c23 cm.0 aOn love -- Divine intervention -- On parents and parenting -- Going home -- Acts of kindness -- The power of believing -- The meaning of Christmas -- Overcoming obstacles -- Insights and lessons. 0aChristian life. 0aFamiliesxReligious aspectsxChristianity.1 aCanfield, Jack,d1944-